Catalog

Record Details

Catalog Search



The monk in the garden : the lost and found genius ... Read More

Available copies

  • 1 of 1 copy available at LARL/NWRL Consortium. (Show)
  • 1 of 1 copy available at Northwest Regional Library.

Current holds

0 current holds with 1 total copy.

Show Only Available Copies
Location Call Number / Copy Notes Barcode Shelving Location Status Due Date
Red Lake Falls Public Library 576.5 HEN (Text) 35500004053219 Main Available -

Record details

  • ISBN: 0618127410 (pbk.) :
  • ISBN: 9780618127412 (pbk.)
  • Physical Description: viii, 292 p. : ill. ; 21 cm.
  • Edition: 1st Mariner books ed.
  • Publisher: Boston : Houghton Mifflin, 2001.

Content descriptions

Bibliography, etc. Note:
Includes bibliographical references (p. 278-279) ... Read More
Formatted Contents Note:
Prologue: Spring 1900 -- Act one: In the ... Read More
Subject: Mendel, Gregor, 1822-1884.
Geneticists > Austria > Biography.
Mendel, Gregor, 1822-1884.
Genetistas > Austria > Biografía.
LDR 01635cam a2200313Ia 4500
00182737
003LARL_NWRL_CONSORTIUM
00520070807165218.0
008010731r20012000maua b 001 0 eng d
020 . ‡a0618127410 (pbk.) : ‡c$14.00
020 . ‡a9780618127412 (pbk.)
035 . ‡a(OCoLC)43648512 ‡z(OCoLC)47680141
040 . ‡aBKL ‡cBKL ‡dXY4 ‡dOCLCQ ‡dBAKER ‡dXVF ‡dNRG
043 . ‡ae-au---
082 4. ‡a576.5092
1001 . ‡aHenig, Robin Marantz. ‡0(LARL_NWRL_CONSORTIUM)66795
24514. ‡aThe monk in the garden : ‡bthe lost and found genius of Gregor Mendel, the father of genetics / ‡cRobin Marantz Henig.
250 . ‡a1st Mariner books ed.
260 . ‡aBoston : ‡bHoughton Mifflin, ‡c2001.
300 . ‡aviii, 292 p. : ‡bill. ; ‡c21 cm.
504 . ‡aIncludes bibliographical references (p. 278-279) and index.
5050 . ‡aPrologue: Spring 1900 -- Act one: In the glasshouse -- Southern exposure -- Between science and God -- Breakdown in Vienna -- Back to the garden -- Crossings -- First harvest -- Eve's homunculus --Flowering of Darwinism -- Garden reflections -- Full moon in February -- Interlude: Silence -- "My time will come" -- Act two: Synchronicity -- Mendel redux -- Monk's bulldog -- Death in Oxford -- Inventing Mendelism -- Statue in Mendelplatz -- Epilogue: Another spring.
60010. ‡aMendel, Gregor, ‡d1822-1884. ‡0(LARL_NWRL_CONSORTIUM)874
650 0. ‡aGeneticists ‡zAustria ‡vBiography.
60014. ‡aMendel, Gregor, ‡d1822-1884. ‡0(LARL_NWRL_CONSORTIUM)874
650 4. ‡aGenetistas ‡zAustria ‡vBiografía.
901 . ‡a82737 ‡bOCLC ‡c82737 ‡tbiblio

Additional Resources